|
|
|
|
| LEADER |
04007nas a22005172a 4500 |
| 001 |
000479476 |
| 003 |
CZ BrMZK |
| 005 |
20101116082721.0 |
| 008 |
000105d19461950xr cze d |
| 022 |
|
|
|a 1210-9371
|
| 040 |
|
|
|a BOA001
|b cze
|
| 245 |
0 |
0 |
|a Bibliografický katalog Československé republiky. Týdenní sešitové vydání.
|n Část A (knihy) :
|b seznam písemnictví vyjma noviny a časopisy
|
| 246 |
3 |
3 |
|a Bibliografický katalog. A. Knihy české
|
| 246 |
3 |
3 |
|a Bibliografický katalog Československé republiky. A. Knihy české
|
| 260 |
|
|
|a Praha :
|b Svaz českých knihkupců a nakladatelů,
|c 1946-1950
|
| 300 |
|
|
|a ^^^sv. ;
|c 20 cm
|
| 310 |
|
|
|a 52× ročně (1× týdně)
|
| 500 |
|
|
|a Náz. v roč. 18 (1950): Bibliografický katalog Československé republiky. A. Knihy české
|
| 500 |
|
|
|a Nakl. a vydav. od roč. 17 (1949): Národní knihovna v Praze
|
| 500 |
|
|
|a Náz. v roč. 17 (1949): Bibliografický katalog. A. Knihy české
|
| 700 |
1 |
|
|a Petrmichl, Jan,
|d 1921-1964
|7 jk01092819
|4 edt
|
| 780 |
0 |
0 |
|t Bibliografický katalog. Týdenní sešitové vydání. Část A (knihy)
|
| 785 |
0 |
0 |
|t Bibliografický katalog ČSR. Česká kniha
|
| 710 |
2 |
|
|a Národní knihovna České republiky
|7 kn20010709069
|
| 710 |
2 |
|
|a Národní a universitní knihovna (Praha, Česko : 1935-1940)
|7 ko2002101539
|
| 910 |
|
|
|a BOA001
|b 01363-0059.601,A
|r 1946-1950
|s roč.15-18
|
| 990 |
|
|
|a SE
|
| 996 |
6 |
|
|b 000479476000130
|c 01363-0059.601,A,rej.
|d 1949 17 Rejstřík
|v 17
|i 1
|y 1949
|l MZK
|r DEP / do 15 dnů
|n 0
|w 000479476
|u 000130
|a 240
|e BOA001
|j MZK50
|s P
|
| 996 |
6 |
|
|b 000479476000140
|c 01363-0059.601,A,rej.
|d 1949 17 Rejstřík
|v 17
|i 1
|y 1949
|l MZK
|r DEP / do 15 dnů
|n 0
|w 000479476
|u 000140
|a 240
|e BOA001
|j MZK50
|s P
|
| 996 |
6 |
|
|b 000479476000150
|c 01363-0059.601,A,rej.
|d 1949 17 Rejstřík
|v 17
|i 1
|y 1949
|l MZK
|r DEP / do 15 dnů
|n 0
|w 000479476
|u 000150
|a 240
|e BOA001
|j MZK50
|s P
|
| 996 |
6 |
|
|b 000479476000160
|c 01363-0059.601,A,rej.
|d 1949 17 Rejstřík
|v 17
|i 1
|y 1949
|l MZK
|r DEP / do 15 dnů
|n 0
|w 000479476
|u 000160
|a 240
|e BOA001
|j MZK50
|s P
|
| 996 |
6 |
|
|b 2619722343
|c 01363-0059.601,A,rej.
|d 1949 17 Rejstřík
|v 17
|i 1
|y 1949
|l MZK
|r DEP / do 15 dnů
|n 0
|w 000479476
|u 000120
|a 240
|e BOA001
|j MZK50
|s P
|
| 996 |
6 |
|
|b 2619736041
|c 01363-0059.601,A,rej.
|d 1949 17 Rejstřík
|v 17
|i 1
|y 1949
|l MZK
|r HSS 4p
|n 0
|h 01 BIB
|w 000479476
|u 000110
|a 0
|e BOA001
|j MZK50
|s P
|
| 996 |
6 |
|
|b 2619736553
|c 01363-0059.601,A
|d 1950 18
|v 18
|y 1950
|l MZK
|r DEP / do 15 dnů
|n 0
|w 000479476
|u 000200
|a 240
|e BOA001
|j MZK50
|s P
|
| 996 |
6 |
|
|b 2619736554
|c 01363-0059.601,A
|d 1949 17
|v 17
|y 1949
|l MZK
|r DEP / do 15 dnů
|n 0
|w 000479476
|u 000080
|a 240
|e BOA001
|j MZK50
|s P
|
| 996 |
6 |
|
|b 2619984817
|c 01363-0059.601,A
|d 1948 16
|v 16
|y 1948
|l MZK
|r DEP / do 15 dnů
|n 0
|w 000479476
|u 000030
|a 240
|e BOA001
|j MZK50
|s P
|
| 996 |
6 |
|
|b 2619984818
|c 01363-0059.601,A
|d 1949 17
|v 17
|y 1949
|l MZK
|r DEP / do 15 dnů
|n 0
|w 000479476
|u 000050
|a 240
|e BOA001
|j MZK50
|s P
|
| 996 |
6 |
|
|b 2619984819
|c 01363-0059.601,A
|d 1950 18
|v 18
|y 1950
|l MZK
|r DEP / do 15 dnů
|n 0
|w 000479476
|u 000170
|a 240
|e BOA001
|j MZK50
|s P
|
| 996 |
6 |
|
|b 2619984963
|c 01363-0059.601,A
|d 1946 14
|v 14
|y 1946
|l MZK
|r HSS 4p
|n 0
|h 01 BIB
|w 000479476
|u 000010
|a 0
|e BOA001
|j MZK50
|s P
|
| 996 |
6 |
|
|b 2619984964
|c 01363-0059.601,A
|d 1949 17
|v 17
|y 1949
|l MZK
|r HSS 4p
|n 0
|h 01 BIB
|w 000479476
|u 000060
|a 0
|e BOA001
|j MZK50
|s P
|
| 996 |
6 |
|
|b 2619984965
|c 01363-0059.601,A
|d 1950 18
|v 18
|y 1950
|l MZK
|r HSS 4p
|n 0
|h 01 BIB
|w 000479476
|u 000180
|a 0
|e BOA001
|j MZK50
|s P
|
| 996 |
6 |
|
|b 2619985521
|c 01363-0059.601,A
|d 1947 15
|v 15
|y 1947
|l MZK
|r HSS 4p
|n 0
|h 01 BIB
|w 000479476
|u 000020
|a 0
|e BOA001
|j MZK50
|s P
|
| 996 |
6 |
|
|b 2619985522
|c 01363-0059.601,A
|d 1948 16
|v 16
|y 1948
|l MZK
|r HSS 4p
|n 0
|h 01 BIB
|w 000479476
|u 000040
|a 0
|e BOA001
|j MZK50
|s P
|
| 996 |
6 |
|
|b 2619985523
|c 01363-0059.601,A
|d 1949 17
|v 17
|y 1949
|l MZK
|r DEP / do 15 dnů
|n 0
|w 000479476
|u 000070
|a 240
|e BOA001
|j MZK50
|s P
|
| 996 |
6 |
|
|b 2619985524
|c 01363-0059.601,A
|d 1950 18
|v 18
|y 1950
|l MZK
|r DEP / do 15 dnů
|n 0
|w 000479476
|u 000190
|a 240
|e BOA001
|j MZK50
|s P
|
| 996 |
6 |
|
|b BC-857250
|c 01363-0059.601,A
|d 1950 18
|v 18
|y 1950
|l MZK
|r DEP / do 15 dnů
|n 0
|w 000479476
|u 000210
|a 240
|e BOA001
|j MZK50
|s P
|